| 000 | 004200000a22001690004500 | ||
|---|---|---|---|
| 003 | MACL | ||
| 005 | 20151230170739.0 | ||
| 008 | 151230b xxu||||| |||| 00| 0 eng d | ||
| 040 |
_aMACL _cMACL |
||
| 041 | _aEnglish | ||
| 082 | _a294/KAR | ||
| 100 |
_aKanmarkar, A P _925291 |
||
| 245 | _aThe Religions of India | ||
| 260 |
_bMira Books _aLonavla(India) _c1950 |
||
| 650 |
_aReligion _925292 |
||
| 942 |
_cBK _k294/Kar _2ddc |
||
| 999 |
_c35283 _d35283 |
||